Statistics for Cox n' Crendor

Click here to take the quiz!

General Stats

  • This quiz has been taken 11 times
  • The average score is 18 of 23

Answer Stats

QuestionAnswer% Correct
Who is his wife?Amanda Watts
100%
Where does Crendor live?Chicago
100%
From what vehicle does Crendor announce the weather?Chopter-Copter
100%
Who is the hero that Cox n' Crendor frequently talk about?Florida Man
100%
What were they arrested for selling?Golden tickets to heaven
100%
Where does Cox live?L.A.
100%
What does Crendor do at the end of each episode?Ring the bell
100%
What word did Crendor hilariously mispronounce?Scarce
100%
Where did Jesse find and record the crazy lady?The DMV
100%
Who is the true Florida Man?Tito Watts
100%
What is the name of the robot who announces the weather?Woppy the Weatherbot
100%
How many Yule Lads are there?13
75%
What does Cox find on his car?Gum
75%
What does Jesse call himself as an old man?Old Man Jesse
75%
What does Cox write down while at breakfast?Other people's conversations
75%
Who replaced RG3?RG4
75%
What movie did Crendor say was worse than "A Talking Cat!?!"?Allegiant
50%
What does Crendor always do when he visits Cox?Buys too much food & leaves it there
50%
Which DC villain does Jesse want to marry?Catwoman
50%
Crendor has a high ________?Immunity
50%
What was the 'special treat' that the crazy lady gave to the line of people?She farted on them
50%
What is the name of Cox n' Crendors' book about a girl who is "sort of plain"?The Elf Story
50%
"___ ____________ ___ is where it all goes down."The Jacksonville KFC
50%

Score Distribution

Percentile by Number Answered

Percent of People with Each Score

Your Score History

You have not taken this quiz